| 000 | 00555cam a2200205ua 4500 | ||
|---|---|---|---|
| 001 | 11410 | ||
| 008 | 191012n ii |||gr||||Z||||||eng | ||
| 020 | _a9780195671971 | ||
| 040 | _cMAIN | ||
| 041 | _aeng | ||
| 082 | _a821.54 | ||
| 100 |
_aBruce King . , _eAuthor., |
||
| 245 |
_aModern Indian poetry in english : _brevised edition / _cBy Bruce King . |
||
| 250 |
_a1st ed / . _b1987. |
||
| 260 |
_aNew Delhi: _bOxford University Press, _c2004. |
||
| 300 | _a416p. | ||
| 653 | _aEnglish poetry | ||
| 653 | _aIndian poetry in English | ||
| 942 | _cBK | ||
| 999 |
_c10252 _d10252 |
||